1631 1562 1972 1187 1469 1617 1516 1213 1961 1110 1760 1284 1215 1130 1973 1420 1863 1860 1792 1049 1658 1952 1317 1635 1507 1450 1138 1694 1656 1292 1336 1232 1695 1032 1138 1747 1749 1970 1862 1342 1349 1635 1526 1841 1152 1810 1846 1688 1133 1026 1803 1067 1470 1616 1641 1700 1750 1478 1663 1458 1451 1304 1310 1837 1713 1716 1635 1065 1820 1436 1640 1450 1471 1666 1245 1949 1392 1993 1245 1147 1692 1472 1646 1432 1219 1926 1005 1248 1303 1609 1038 1245 1811 1133 1067 1012 1143 1086 1023 BCNSPRNW ULIB Ver.6.0+V

เปลี่ยนเป็นภาษาไทย

Change to English
 แสดงรายละเอียดบรรณานุกรม
  กลับหน้าหลัก

Brief Record : Get Marc (ISO 2709) : E-mail record : QR code < ปิดหน้าต่าง
LEADER : 00000nam 2200000uu 4500
001    13399124948
003     ULIB
008    160525s2558||||th 000 0 tha d
020    ^a9786162794537
060    ^aWB105^bช865e
100    ^aไชยพร ยุกเซ็น
245    ^aEmergency care: the pocket guide book./^cไชยพร ยุกเซ็นและคณะ
250    ^aพิมพ์ครั้งที่ 4
260    ^aกรุงเทพฯ :^bภาควิชาเวชศาสตร์ฉุกเฉิน คระแพทยศาสตร์โรงพยาบาลรามาธิบดี มหาวิทยาลัยมหิดล,^c2558
300    ^a816 หน้า;^b18 ซม. ซม.
650    ^aการกู้ชีพ
700 0  ธาวินี ไตรณรงค์สกุล
700 0  ยุวเรศมคฐ์ สิทธิชาญบัญชา
710    ^aมหาวิทยาลัยมหิดล^bคณะแพทยศาสตร์โรงพยาบาลรามาธิบดี^bภาควิชาเวชศาสตร์ฉุกเฉิน
945    ^p0^l0^i23571
945    ^p0^l0^i23572
945    ^p0^l0^i23573
945    ^p0^l0^i23574
945    ^p0^l0^i23570
999    ^aทศพร เกษรทอง
รายการนี้ยังไม่มีแท็ก
คุณยังไม่ได้ล็อกอิน คุณสามารถมีกิจกรรมร่วมกับเว็บไซต์ได้ แต่ต้องล็อกอินก่อน ::
  ล็อกอิน

รายการสื่อสารสนเทศ

ลำดับที่ ประเภท เลขเรียก/บาร์โค้ด สถานที่ สถานะ
1. วิทยาศาสตร์การแพทย์ และสุขภาพ
วิทยาศาสตร์การแพทย์ และสุขภาพ
สถานะ=หนังสือเก่า
WB105 ช865e ฉ.1 
  Barcode: 23571
ห้องสมุดวิทยาเขตนครสวรรค์
►ส่วนจัดเก็บหนังสือเก่า นว.
บนชั้น
  ขอยืม
2. วิทยาศาสตร์การแพทย์ และสุขภาพ
วิทยาศาสตร์การแพทย์ และสุขภาพ
สถานะ=หนังสือเก่า
WB105 ช865e ฉ.2 
  Barcode: 23572
ห้องสมุดวิทยาเขตนครสวรรค์
►ส่วนจัดเก็บหนังสือเก่า นว.
บนชั้น
  ขอยืม
3. วิทยาศาสตร์การแพทย์ และสุขภาพ
วิทยาศาสตร์การแพทย์ และสุขภาพ
สถานะ=หนังสือเก่า
WB105 ช865e ฉ.3 
  Barcode: 23573
ห้องสมุดวิทยาเขตนครสวรรค์
►ส่วนจัดเก็บหนังสือเก่า นว.
บนชั้น
  ขอยืม
4. วิทยาศาสตร์การแพทย์ และสุขภาพ
วิทยาศาสตร์การแพทย์ และสุขภาพ
สถานะ=หนังสือเก่า
WB105 ช865e ฉ.4 
  Barcode: 23574
ห้องสมุดวิทยาเขตนครสวรรค์
►ส่วนจัดเก็บหนังสือเก่า นว.
บนชั้น
  ขอยืม
5. วิทยาศาสตร์การแพทย์ และสุขภาพ
วิทยาศาสตร์การแพทย์ และสุขภาพ
สถานะ=หนังสือเก่า
WB105 ช865e ฉ.5 
  Barcode: 23570
ห้องสมุดวิทยาเขตนครสวรรค์
►ส่วนจัดเก็บหนังสือเก่า นว.
บนชั้น
  ขอยืม

รายการใกล้เคียง
    ผู้แต่ง [ไชยพร ยุกเซ็น]

    หัวเรื่อง [การกู้ชีพ]

BibComment


ยังไม่เคยถูกคอมเมนท์

คอมเมนท์ทรัพยากรรายการนี้
  คอมเมนท์: Emergency care t..


 Copyright 2026. Bcnsprnw @Library